<?xml version="1.0" encoding="UTF-8"?>
<record
    xmlns:xsi="http://www.w3.org/2001/XMLSchema-instance"
    xsi:schemaLocation="http://www.loc.gov/MARC21/slim http://www.loc.gov/standards/marcxml/schema/MARC21slim.xsd"
    xmlns="http://www.loc.gov/MARC21/slim">

  <leader>03688njm0a2200493   4500</leader>
  <controlfield tag="001">RU\NLR\ONIZ\197856</controlfield>
  <controlfield tag="005">20250708192227.0</controlfield>
  <datafield tag="035" ind1=" " ind2=" ">
    <subfield code="a">(NLR Aleph) 010405392</subfield>
  </datafield>
  <datafield tag="071" ind1="0" ind2="0">
    <subfield code="a">SVET 072 22-5</subfield>
  </datafield>
  <datafield tag="090" ind1=" " ind2=" ">
    <subfield code="a">13282328</subfield>
    <subfield code="c">13282328</subfield>
  </datafield>
  <datafield tag="100" ind1=" " ind2=" ">
    <subfield code="a">20140220d2006    |||y0rusy50      ca</subfield>
  </datafield>
  <datafield tag="102" ind1=" " ind2=" ">
    <subfield code="a">RU</subfield>
  </datafield>
  <datafield tag="126" ind1=" " ind2=" ">
    <subfield code="a">aguxjxu      ux</subfield>
    <subfield code="b">xxx</subfield>
  </datafield>
  <datafield tag="127" ind1=" " ind2=" ">
    <subfield code="a">000063</subfield>
  </datafield>
  <datafield tag="135" ind1=" " ind2=" ">
    <subfield code="a">honoannnanndn</subfield>
  </datafield>
  <datafield tag="200" ind1="1" ind2=" ">
    <subfield code="a">[&#x414;&#x438;&#x440;&#x438;&#x436;&#x438;&#x440;&#x443;&#x435;&#x442;] &#x415;&#x432;&#x433;&#x435;&#x43D;&#x438;&#x439; &#x421;&#x432;&#x435;&#x442;&#x43B;&#x430;&#x43D;&#x43E;&#x432;</subfield>
    <subfield code="b">&#x417;&#x432;&#x443;&#x43A;&#x43E;&#x437;&#x430;&#x43F;&#x438;&#x441;&#x44C;</subfield>
  </datafield>
  <datafield tag="210" ind1=" " ind2=" ">
    <subfield code="a">&#x41C;&#x43E;&#x441;&#x43A;&#x432;&#x430;</subfield>
    <subfield code="c">&#x424;&#x43E;&#x43D;&#x434; &#x415;&#x432;&#x433;&#x435;&#x43D;&#x438;&#x44F; &#x421;&#x432;&#x435;&#x442;&#x43B;&#x430;&#x43D;&#x43E;&#x432;&#x430;</subfield>
    <subfield code="d">2006</subfield>
  </datafield>
  <datafield tag="215" ind1=" " ind2=" ">
    <subfield code="a">1 &#x437;&#x432;. &#x434;&#x438;&#x441;&#x43A; (63 &#x43C;&#x438;&#x43D;), &#x432; &#x444;&#x443;&#x442;&#x43B;.</subfield>
    <subfield code="e">&#x43F;&#x440;&#x438;&#x43B;. (11 &#x441;.)</subfield>
  </datafield>
  <datafield tag="225" ind1="1" ind2=" ">
    <subfield code="a">&#x410;&#x43D;&#x442;&#x43E;&#x43B;&#x43E;&#x433;&#x438;&#x44F; &#x440;&#x443;&#x441;&#x441;&#x43A;&#x43E;&#x439; &#x441;&#x438;&#x43C;&#x444;&#x43E;&#x43D;&#x438;&#x447;&#x435;&#x441;&#x43A;&#x43E;&#x439; &#x43C;&#x443;&#x437;&#x44B;&#x43A;&#x438;</subfield>
  </datafield>
  <datafield tag="325" ind1=" " ind2=" ">
    <subfield code="a">&#x41A;&#x43E;&#x43F;&#x438;&#x44F; &#x434;&#x43E;&#x441;&#x442;&#x443;&#x43F;&#x43D;&#x430; &#x432; &#x42D;&#x43B;&#x435;&#x43A;&#x442;&#x440;&#x43E;&#x43D;. &#x431;-&#x43A;&#x435; &#x420;&#x41D;&#x411;</subfield>
  </datafield>
  <datafield tag="327" ind1="1" ind2=" ">
    <subfield code="a">1. &#x422;&#x43E;&#x440;&#x436;&#x435;&#x441;&#x442;&#x432;&#x435;&#x43D;&#x43D;&#x430;&#x44F; &#x443;&#x432;&#x435;&#x440;&#x442;&#x44E;&#x440;&#x430; &#x43D;&#x430; &#x434;&#x430;&#x442;&#x441;&#x43A;&#x438;&#x439; &#x433;&#x438;&#x43C;&#x43D; : op. 15;</subfield>
    <subfield code="a">2. &#x424;&#x430;&#x442;&#x443;&#x43C; : &#x441;&#x438;&#x43C;&#x444;. &#x43F;&#x43E;&#x44D;&#x43C;&#x430; : op. 77 ;</subfield>
    <subfield code="a">3. &#x421;&#x438;&#x43C;&#x444;&#x43E;&#x43D;&#x438;&#x44F; &#x2116; 2 : &#x434;&#x43E; &#x43C;&#x438;&#x43D;. : op. 17 / &#x41F;. &#x418;. &#x427;&#x430;&#x439;&#x43A;&#x43E;&#x432;&#x441;&#x43A;&#x438;&#x439; ; &#x438;&#x441;&#x43F;&#x43E;&#x43B;&#x43D;.: &#x413;&#x43E;&#x441;. &#x430;&#x43A;&#x430;&#x434;. &#x441;&#x438;&#x43C;&#x444;. &#x43E;&#x440;&#x43A;</subfield>
  </datafield>
  <datafield tag="464" ind1=" " ind2="0">
    <subfield code="1">2001#$a&#x422;&#x43E;&#x440;&#x436;&#x435;&#x441;&#x442;&#x432;&#x435;&#x43D;&#x43D;&#x430;&#x44F; &#x443;&#x432;&#x435;&#x440;&#x442;&#x44E;&#x440;&#x430; &#x43D;&#x430; &#x434;&#x430;&#x442;&#x441;&#x43A;&#x438;&#x439; &#x433;&#x438;&#x43C;&#x43D;$eop. 15</subfield>
    <subfield code="1">6061#$a&#x423;&#x432;&#x435;&#x440;&#x442;&#x44E;&#x440;&#x44B; &#x43A;&#x43E;&#x43D;&#x446;&#x435;&#x440;&#x442;&#x43D;&#x44B;&#x435;$x&#x437;&#x432;&#x443;&#x43A;&#x43E;&#x437;&#x430;&#x43F;&#x438;&#x441;&#x44C;$y&#x420;&#x43E;&#x441;&#x441;&#x438;&#x44F;$z19 &#x432;&#x435;&#x43A;$2nlr_sh</subfield>
    <subfield code="1">686##$a&#x429;951.1-053(28)$vLBC/SL$2rubbk</subfield>
    <subfield code="1">701#1$9z01790$a&#x427;&#x430;&#x439;&#x43A;&#x43E;&#x432;&#x441;&#x43A;&#x438;&#x439;$b&#x41F;. &#x418;.$g&#x41F;&#x435;&#x442;&#x440; &#x418;&#x43B;&#x44C;&#x438;&#x447;$f1840-1893$4230$7ca</subfield>
    <subfield code="1">790#1$9z01701$aTchaikovsky$bP.I.$gPeter Ilich$f1840-1893$4230</subfield>
    <subfield code="t">&#x422;&#x43E;&#x440;&#x436;&#x435;&#x441;&#x442;&#x432;&#x435;&#x43D;&#x43D;&#x430;&#x44F; &#x443;&#x432;&#x435;&#x440;&#x442;&#x44E;&#x440;&#x430; &#x43D;&#x430; &#x434;&#x430;&#x442;&#x441;&#x43A;&#x438;&#x439; &#x433;&#x438;&#x43C;&#x43D;</subfield>
  </datafield>
  <datafield tag="464" ind1=" " ind2="0">
    <subfield code="1">2001#$a&#x424;&#x430;&#x442;&#x443;&#x43C;$e&#x441;&#x438;&#x43C;&#x444;. &#x43F;&#x43E;&#x44D;&#x43C;&#x430;$eop. 77</subfield>
    <subfield code="1">600#1$a&#x424;&#x430;&#x442;&#x443;&#x43C;$c&#x412; &#x414;&#x440;&#x435;&#x432;&#x43D;&#x435;&#x43C; &#x420;&#x438;&#x43C;&#x435; &#x43E;&#x43B;&#x438;&#x446;&#x435;&#x442;&#x432;&#x43E;&#x440;&#x435;&#x43D;&#x438;&#x435; &#x441;&#x443;&#x434;&#x44C;&#x431;&#x44B;$x&#x417;&#x432;&#x443;&#x43A;&#x43E;&#x437;&#x430;&#x43F;&#x438;&#x441;&#x44C;$x&#x41C;&#x443;&#x437;&#x44B;&#x43A;&#x430;&#x43B;&#x44C;&#x43D;&#x44B;&#x435; &#x438;&#x43D;&#x442;&#x435;&#x440;&#x43F;&#x440;&#x435;&#x442;&#x430;&#x446;&#x438;&#x438;$2nlr_sh$7ba</subfield>
    <subfield code="1">6061#$a&#x421;&#x438;&#x43C;&#x444;&#x43E;&#x43D;&#x438;&#x447;&#x435;&#x441;&#x43A;&#x438;&#x435; &#x43F;&#x43E;&#x44D;&#x43C;&#x44B;$x&#x417;&#x432;&#x443;&#x43A;&#x43E;&#x437;&#x430;&#x43F;&#x438;&#x441;&#x44C;$y&#x420;&#x43E;&#x441;&#x441;&#x438;&#x44F;$z19 &#x432;&#x435;&#x43A;$2nlr_sh</subfield>
    <subfield code="1">686##$a&#x429;951.1-051(28)$vLBC/SL$2rubbk</subfield>
    <subfield code="1">701#1$9z01790$a&#x427;&#x430;&#x439;&#x43A;&#x43E;&#x432;&#x441;&#x43A;&#x438;&#x439;$b&#x41F;. &#x418;.$g&#x41F;&#x435;&#x442;&#x440; &#x418;&#x43B;&#x44C;&#x438;&#x447;$f1840-1893$4230$7ca</subfield>
    <subfield code="1">790#1$9z01701$aTchaikovsky$bP.I.$gPeter Ilich$f1840-1893$4230</subfield>
    <subfield code="t">&#x424;&#x430;&#x442;&#x443;&#x43C;</subfield>
  </datafield>
  <datafield tag="464" ind1=" " ind2="0">
    <subfield code="1">2001#$a&#x421;&#x438;&#x43C;&#x444;&#x43E;&#x43D;&#x438;&#x44F; &#x2116; 2$e&#x434;&#x43E; &#x43C;&#x438;&#x43D;.$eop. 17</subfield>
    <subfield code="1">6061#$a&#x421;&#x438;&#x43C;&#x444;&#x43E;&#x43D;&#x438;&#x438; &#x440;&#x443;&#x441;&#x441;&#x43A;&#x438;&#x445; &#x43A;&#x43E;&#x43C;&#x43F;&#x43E;&#x437;&#x438;&#x442;&#x43E;&#x440;&#x43E;&#x432;$x&#x417;&#x432;&#x443;&#x43A;&#x43E;&#x437;&#x430;&#x43F;&#x438;&#x441;&#x44C;$y&#x420;&#x43E;&#x441;&#x441;&#x438;&#x44F;$z19 &#x432;&#x435;&#x43A;$2nlr_sh</subfield>
    <subfield code="1">686##$a&#x429;951.1-040(28)$vLBC/SL$2rubbk</subfield>
    <subfield code="1">701#1$9z01790$a&#x427;&#x430;&#x439;&#x43A;&#x43E;&#x432;&#x441;&#x43A;&#x438;&#x439;$b&#x41F;. &#x418;.$g&#x41F;&#x435;&#x442;&#x440; &#x418;&#x43B;&#x44C;&#x438;&#x447;$f1840-1893$4230$7ca</subfield>
    <subfield code="1">790#1$9z01701$aTchaikovsky$bP.I.$gPeter Ilich$f1840-1893$4230</subfield>
    <subfield code="t">&#x421;&#x438;&#x43C;&#x444;&#x43E;&#x43D;&#x438;&#x44F; &#x2116; 2</subfield>
  </datafield>
  <datafield tag="606" ind1="1" ind2=" ">
    <subfield code="a">&#x421;&#x438;&#x43C;&#x444;&#x43E;&#x43D;&#x438;&#x447;&#x435;&#x441;&#x43A;&#x430;&#x44F; &#x43C;&#x443;&#x437;&#x44B;&#x43A;&#x430; &#x440;&#x443;&#x441;&#x441;&#x43A;&#x430;&#x44F;</subfield>
    <subfield code="x">&#x417;&#x432;&#x443;&#x43A;&#x43E;&#x437;&#x430;&#x43F;&#x438;&#x441;&#x44C;</subfield>
    <subfield code="y">&#x420;&#x43E;&#x441;&#x441;&#x438;&#x44F;</subfield>
    <subfield code="z">19 &#x432;.</subfield>
    <subfield code="2">nlr_sh</subfield>
  </datafield>
  <datafield tag="606" ind1="1" ind2=" ">
    <subfield code="a">&#x418;&#x441;&#x43F;&#x43E;&#x43B;&#x43D;&#x438;&#x442;&#x435;&#x43B;&#x44C;&#x441;&#x43A;&#x43E;&#x435; &#x438;&#x441;&#x43A;&#x443;&#x441;&#x441;&#x442;&#x432;&#x43E;</subfield>
    <subfield code="x">&#x414;&#x438;&#x440;&#x438;&#x436;&#x451;&#x440;&#x44B;</subfield>
    <subfield code="x">&#x417;&#x432;&#x443;&#x43A;&#x43E;&#x437;&#x430;&#x43F;&#x438;&#x441;&#x44C;</subfield>
    <subfield code="y">&#x420;&#x43E;&#x441;&#x441;&#x438;&#x44F;</subfield>
    <subfield code="2">nlr_sh</subfield>
  </datafield>
  <datafield tag="686" ind1=" " ind2=" ">
    <subfield code="a">&#x429;951.1, 8(2)</subfield>
    <subfield code="v">LBC/SL</subfield>
    <subfield code="2">rubbk</subfield>
  </datafield>
  <datafield tag="700" ind1=" " ind2="1">
    <subfield code="9">z03790</subfield>
    <subfield code="a">&#x421;&#x432;&#x435;&#x442;&#x43B;&#x430;&#x43D;&#x43E;&#x432;</subfield>
    <subfield code="b">&#x415;.&#x424;.</subfield>
    <subfield code="f">1928-2002</subfield>
    <subfield code="g">&#x415;&#x432;&#x433;&#x435;&#x43D;&#x438;&#x439; &#x424;&#x435;&#x434;&#x43E;&#x440;&#x43E;&#x432;&#x438;&#x447;</subfield>
    <subfield code="4">250</subfield>
    <subfield code="7">ca</subfield>
  </datafield>
  <datafield tag="712" ind1="0" ind2="2">
    <subfield code="a">&#x413;&#x43E;&#x441;&#x443;&#x434;&#x430;&#x440;&#x441;&#x442;&#x432;&#x435;&#x43D;&#x43D;&#x44B;&#x439; &#x430;&#x43A;&#x430;&#x434;&#x435;&#x43C;&#x438;&#x447;&#x435;&#x441;&#x43A;&#x438;&#x439; &#x441;&#x438;&#x43C;&#x444;&#x43E;&#x43D;&#x438;&#x447;&#x435;&#x441;&#x43A;&#x438;&#x439; &#x43E;&#x440;&#x43A;&#x435;&#x441;&#x442;&#x440;</subfield>
    <subfield code="4">590</subfield>
  </datafield>
  <datafield tag="790" ind1=" " ind2="1">
    <subfield code="9">z03700</subfield>
    <subfield code="a">Svetlanov</subfield>
    <subfield code="b">E.</subfield>
    <subfield code="f">1928-2002</subfield>
    <subfield code="g">Evgenij</subfield>
    <subfield code="4">250</subfield>
    <subfield code="7">ba</subfield>
  </datafield>
  <datafield tag="801" ind1=" " ind2="0">
    <subfield code="a">RU</subfield>
    <subfield code="b">NLR</subfield>
    <subfield code="c">20140220</subfield>
    <subfield code="g">PSBO</subfield>
  </datafield>
  <datafield tag="801" ind1=" " ind2="1">
    <subfield code="a">RU</subfield>
    <subfield code="b">NLR</subfield>
    <subfield code="c">20140220</subfield>
    <subfield code="2">rusmarc</subfield>
  </datafield>
  <datafield tag="801" ind1=" " ind2="2">
    <subfield code="a">RU</subfield>
    <subfield code="b">NLR</subfield>
    <subfield code="c">20151105</subfield>
  </datafield>
  <datafield tag="852" ind1=" " ind2=" ">
    <subfield code="a">NLR</subfield>
    <subfield code="b">&#x41C;&#x433;</subfield>
    <subfield code="j">&#x414;/1863</subfield>
    <subfield code="p">3864</subfield>
    <subfield code="t">1</subfield>
  </datafield>
  <datafield tag="856" ind1=" " ind2="0">
    <subfield code="u">http://vivaldi.nlr.ru/mk000000204/view</subfield>
  </datafield>
  <datafield tag="856" ind1=" " ind2="1">
    <subfield code="u">http://vivaldi.nlr.ru/mk000000204/cover</subfield>
  </datafield>
  <datafield tag="856" ind1=" " ind2="2">
    <subfield code="u">http://vivaldi.nlr.ru/mk000000204/text</subfield>
  </datafield>
  <datafield tag="942" ind1=" " ind2=" ">
    <subfield code="c">REC</subfield>
  </datafield>
  <datafield tag="980" ind1=" " ind2=" ">
    <subfield code="a">NB</subfield>
  </datafield>
  <datafield tag="980" ind1=" " ind2=" ">
    <subfield code="a">ONIZ</subfield>
  </datafield>
  <datafield tag="981" ind1="2" ind2="4">
    <subfield code="a">(24) &#x41D;&#x43E;&#x442;&#x43D;&#x44B;&#x435; &#x438;&#x437;&#x434;&#x430;&#x43D;&#x438;&#x44F; &#x438; &#x430;&#x443;&#x434;&#x438;&#x43E;&#x437;&#x430;&#x43F;&#x438;&#x441;&#x438;</subfield>
    <subfield code="b">(24) &#x413;&#x440;&#x430;&#x43C;&#x43F;&#x43B;&#x430;&#x441;&#x442;&#x438;&#x43D;&#x43A;&#x438;</subfield>
  </datafield>
  <datafield tag="995" ind1=" " ind2=" ">
    <subfield code="5">2014-02-20</subfield>
    <subfield code="b">NLR01</subfield>
    <subfield code="c">NLR01</subfield>
    <subfield code="e">ONIZ</subfield>
    <subfield code="k">&#x414;/1863 &#x414;/1863</subfield>
    <subfield code="o">0</subfield>
    <subfield code="r">REC</subfield>
    <subfield code="s">1863_1863</subfield>
  </datafield>
</record>
